| 000 | 00378nam a2200121Ia 4500 | ||
|---|---|---|---|
| 008 | 180129s9999||||xx |||||||||||||| ||und|| | ||
| 020 |
_cNT350 _a978-986-5752-31-6 |
||
| 100 | _a洪泰雄 | ||
| 245 | 0 |
_c洪泰雄 _a聰明健康吃,打造好體質!:20堂必修『食』用營養學分 |
|
| 250 | _a初版 | ||
| 260 |
_b家庭傳媒城邦 _c2015.09 _a台北市 |
||
| 300 |
_c cm. _a p. |
||
| 942 |
_2ccl _cBOOK |
||
| 999 |
_c239 _d239 |
||